[Event "Turnier 40 / 120"]
[Site "Wien"]
[Date "2022.12.20"]
[Round "?"]
[White "Mephisto Atlanta SH7034 - 20 MHZ"]
[Black "Mephisto London 68000 - 12 MHZ"]
[Result "1-0"]
[BlackElo "2194"]
[WhiteElo "2192"]

{Analyse -----> Komodo 13.02.} 1. e4 e5 2. Nf3 Nc6 3. Nc3 Nf6 4. Bb5 Bb4 5.
O-O O-O 6. d3 d6 7. Bg5 Bxc3 8. bxc3 Qe7 9. Re1 Nd8 10. d4 Ne6 11. Bc1
{Buchende} c5 12. d5 {Buchbewertung Mephisto Atlanta: -0,1} Nc7 {Buchende}
13. Bd3 b6 {Buchbewertung Mephisto London 68000: +0,39 / lt. Komodo steht
Weiss besser mit ca. +0,70} 14. Rb1 h6 15. Rb3 Nfe8 16. Ba3 f5 17. exf5
{Weiss steht nur noch eine Nuance besser lt. Komodo ca. mit +0,20} Qf6?
{ein schlechter Zug, danach könnte Weiss mittels g4 in Vorteil kommen,
Komodo +0,90, nötig war Lxf5} 18. Nd2??? {ein völlig absurder, absolut
unbegreiflicher Zug, den Atlanta noch im letzten Moment nach 10 Minuten
Bedenkzeit dem sogar noch besseren Zug c4 vorzieht, nach c4 wäre Weiss noch
knapp mit ca. +0,30 im Vorteil gewesen, obwohl noch klar schwächer als g4,
nach dem Textzug ist bereits Schwarz im Vorteil, Komodo +0,30, Mephisto
London 68000 hätte den richtigen Zug 18. g4 !! vorgeschlagen, danach wäre
Weiss klar im Vorteil gewesen mit ca. +0,90} Bxf5 19. Bxf5 Qxf5 20. Ne4 c4
{nicht ideal, besser ist b5, nach dem Textzug ist Schwarz noch hauchdünn im
Vorteil mit ca. +0,20} 21. Rb1 Rd8 22. Qd2? {ein schlechter Zug, der
Schwarz bereits klar in Vorteil bringt, Komodo +0,90, nötig war De2, was
auch wieder Mephisto London 68000 richtig vorgeschlagen hätte, also
Mephisto London 68000 beweist bisher in dieser Stellung den weit besseren
Überblick, nicht nur bei seinen eigenen Zügen, sondern auch bei den
Zugvorschlägen, auch zuvor hatte er ja g4 schon richtig vorgeschlagen.}
Qd7! {also Mephisto London 68000 überzeugt hier vollkommen, die beste
Fortsetzung, Komodo +1,00} 23. Rb4 Qf7 {weniger gut, besser ist b5, Komodo
+0,50} 24. Rd1 Qg6 25. Qe3 {besser ist De2, Komodo -0,70} Nf6? {klar
schwächer als b5, danach ist die Stellung wieder im Lot} 26. Nxf6+ Rxf6 27.
Rxc4 Nb5 28. Bb2 Rdf8 29. Rd2 R8f7? {ein schlechter Zug, deutlich besser
ist Df7, Komodo -1,00} 30. Rc8+? {ebenfalls schwach, klaren Vorteil
versprach Dd3, Komodo +0,40} Rf8? {beide Geräte haben hier Probleme, die
besten Züge zu finden, neuerlich schwach, Komodo -1,00, nötig war Kh7} 31.
Rxf8+ Rxf8 32. c4 Nc7 33. Kf1??? {ein grottenschlechter Zug, der den
gesamten Vorteil verspielt, die Stellung ist wieder im Lot, klaren Vorteil
versprach Dd3} Qg4 34. Qd3 {na da kann man nur sagen, eben leider einen Zug
zu spät, jetzt bringt es keinen Vorteil mehr} Na6 35. h3 Qg5 36. Re2?? {ein
grottenschlechter Zug, der Schwarz wieder klar in Vorteil bringt, nötig war
La3 um dann den lästigen Springer c5 zu schlagen, Komodo -0,80, auch
Mephisto London 68000 hatte diesen Zug vorgeschlagen} Nc5 {na sonnenklar
und alternativlos} 37. Qa3?? {jetzt verliert Atlanta völlig den Überblick,
ein Verlustzug !!!, danach ist die Partie bereits verloren, Komodo -2,00
mit der Fortsetzung Df4, nötig war De3, das hätte den Schaden noch begrenzt
mit ca. -0,80, auch diesen kapitalen Fehler hatte London 68000
vorgeschlagen.} Rf7? {London 68000 verpasst die Chance, nach dem Textzug
ist Schwarz nur noch knapp im Vorteil mit ca. +0,40} 38. g3? {aber Atlanta
macht den nächsten Verlustzug, danach ist die Partie wieder verloren,
Komodo -1,60 mit der Fortsetzung Dh5, nötig war Lc1} Qh5 39. g4 Qg5? {die
Stellung überfordert einfach beide Geräte, verspielt wieder den gesamten
Vorteil, danach ist die Stellung wieder im Lot, Komodo 0,00, gewonnen hätte
Dh4} 40. Bc1 Qf6 41. Kg2 e4 42. Qe3 Qa1 43. a3 Rf8 44. Qd2 Qf6 45. Re3
Rf7?? {ein ganz schlechter Zug, danach ist Weiss klar im Vorteil, Komodo
-1,30 mit der Fortsetzung De2, nötig war Da1 mit Ausgleich} 46. Qe2 a5 47.
Bd2 Re7 48. Bc3 Qf4 49. Bd4 Kh7 50. f3? {ein ganz schwacher Zug, der den
Vorteil von Weiss halbiert, nach De1 wäre Weiss bereits entscheidend mit
ca. +1,80 im Vorteil gewesen, nach dem Textzug ist Schwarz natürlich die
Sorge um den schwachen Bauern e4 los indem er diesen einfach abtauscht, ein
Bauerngewinn für Weiss ist damit Geschichte, Komodo +1,00} exf3+ 51. Qxf3
Qg5?? {praktisch schon ein Verlustzug, danach ist die Partie klar verloren,
Komodo -2,50 mit der Fortsetzung Kg3, nötig war Tf7 mit ca. -1,00} 52. Kg3!
Kg8 53. h4 {Komodo +3,00} Rxe3 54. Qxe3 Qd8 55. c3?? {ein grottenschlechter
Zug, der den Gewinn enorm erschwert, Komodo nur noch +1,30 mit der
Fortsetzung Df8, sofort gewonnen hätte h5, aber gut wer will es den beiden
Geräten verübeln, ein Endspiel mit Damen auf dem offenen Brett ist ja
praktisch unspielbar für unsere Odies bei den unendlichen Möglichkeiten, da
muss man schon ein Auge zudrücken} Qf8 56. Qe1 Qd8 57. h5 a4 58. Qe2 Qf8
59. Qe3! {richtig, Komodo +2,80} Qd8 {mehr Widerstand leistet noch Kh7,
Komodo -4,00, allerdings wird Atlanta den Gewinnzug g5 ! sicher nicht
sehen, da ja der Punkt 2x überdeckt ist, ist eigentlich zu viel verlangt
aus verständlichen Gründen} 60. Qe1? {naja was soll man sagen, war klar,
Komodo +1,60} Qf8? {deutlich besser ist Kh8, hier gewinnt wieder De3 klar
mit +3,00, allerdings für Atlanta ebenfalls unspielbar, da es ja eine
Stellungswiederholung wäre und somit 0,0 aus seiner Sicht, Komodo sieht es
natürlich als Fehlerkorrektur} 61. Kh4? {das ist natürlich Nonsense, wird
ja sofort mit Schach auf d8 beantwortet und der König muss auf das
schlechtere Feld h3 zurück, da ja g3 wieder eine Stellungswiederholung
wäre} Qd8+ {na klar was sonst} 62. Kh3 {natürlich wäre auch hier die
Fehlerkorrektur mittels Kg3 besser, aber das geht natürlich nicht wegen der
Stellungswiederholung und für Atlanta 0,0} Qf8 63. Kg2 Qc8 64. Qe2 Qd8 65.
Kf3 Kf8 66. Qc2 Kg8 67. Bxg7??? {Mephisto Atlanta: +2,4 ??? / einfach nur
noch absurd, verschenkt den Sieg auf einen Schlag, danach ist die Partie
Remis, Komodo 0,00, praktisch alle anderen plausiblen Züge gewinnen,
sozusagen der einzige Zug der NICHT gewinnt, unfassbar !!} Kxg7 {Mephisto
London 68000 erkennt es sofort: Bewertung nur -0,06 !!!} 68. Qg6+ {Mephisto
Atlanta: +1,4} Kf8 69. Qxh6+ {Mephisto Atlanta: +1,1} Kg8 {Mephisto London
68000: -0,51} 70. Qg6+ {Mephisto Atlanta verliert langsam den Glauben, nur
noch +0,4} Kh8 71. Qf5 Nd7 72. Kg3 Ne5 73. g5! {das ist richtig, verloren
hätte noch der verlockende Zug Df4, den Atlanta lange Zeit als besten
hatte, da hat er Glück, dass er sich das im letzten Moment noch anders
überlegt, London 68000 hätte den Verlustzug 73.Df4 vorgeschlagen.} Nxc4 74.
g6 Qe8??? {ein Katastrophenzug, der die Partie sofort verliert, Komodo
-8,00 !! mit der Fortsetzung Df6+, nötig war Se5 und es ist Remis, auch
Atlanta hatte diesen Zug vorgeschlagen, naja es überfordert einfach beide
Geräte wie gesagt, dieser Endspieltyp ist unspielbar und das Ergebnis ein
reines Glücksspiel !!} 75. Qf6+! {richtig, aber Atlanta sieht kaum Vorteil,
nur +0,6} Kg8 {Mephisto London 68000 sieht sich gar im Vorteil: +0,33} 76.
Qe6+! {richtig} Qxe6 77. dxe6 {Mephisto Atlanta: +0,5} Ne3 {Mephisto London
68000: -1,42} 78. c4! {richtig, aber Atlanta sieht absolut keinen Vorteil:
Bewertung: 0,0 / Komodo +12,00} Nf5+ {Mephisto London 68000: -0,66} 79. Kg4
{Mephisto Atlanta sieht immer noch keinen Vorteil: Bewertung nach wie vor
0,0 / Komodo +14,00} Ne7 {Mephisto London: -1,39} 80. Kg5 {Atlanta erkennt
noch immer keinen Vorteil: Bewertung immer noch 0,0 / Komodo Matt in 37 !!}
Kg7 {hier bricht Mephisto London 68000 jetzt ein, Bewertung: -6,00} 81. h6+
{Mephisto Atlanta sieht trotz einer beachtlichen Rechentiefe von 16 HZ
immer noch keinen Vorteil: Bewertung 0,0} Kh8 {Mephisto London 68000:
-6,54} 82. Kf6 {Atlanta 0,0} Ng8+ {Mephisto London 68000: -7,21} 83. Kf7
{Mephisto Atlanta: +0,7 sieht er kleinen Vorteil} Nxh6+ {Mephisto London
68000: -7,81} 84. Kf8 {Mephisto Atlanta: +1,3} Nf5 {Mephisto London 68000:
-8,87} 85. e7 {Mephisto Atlanta: +1,5} Nxe7 {Mephisto London 68000: -8,87}
86. Kxe7 {Mephisto Atlanta hat es jetzt endlich auch: Bewertung: +8,2} Kg7
87. Kxd6 Kxg6 88. Kc6 Kf6 {Mephisto London 68000: -10,7 ----> aufgegeben !}
1-0
[/pgn]
[pgn]

[Event "Turnier 40 / 120"]
[Site "Wien"]
[Date "2022.12.21"]
[Round "6"]
[White "Mephisto London 68000 - 12 MHZ"]
[Black "Mephisto Atlanta SH7034 - 20 MHZ"]
[Result "0-1"]
[BlackElo "2192"]
[WhiteElo "2194"]

{Analyse -------> Komodo 13.02.} 1. e4 c6 2. Nc3 d5 3. d4 dxe4 4. Nxe4 Nf6
5. Nxf6+ exf6 6. Bc4 Be7 7. Ne2 {Buchende} O-O 8. O-O {Buchbewertung
Mephisto London 68000: +0,33} Nd7 {Buchende} 9. Qd3 c5 {Buchbewertung
Mephisto Atlanta: -0,2 / lt. Komodo steht Weiss etwas besser mit ca. +0,50}
10. Qg3 Re8??? {ein Verlustzug !!!, danach ist die Partie bereits verloren,
Komodo -3,50 mit der Fortsetzung Lh6, nötig war Kh8 mit ca. nur -0,50 (der
Textzug büsst als ganze 3 Bauerneinheiten !! ein)} 11. Bh6! Bf8 12. Rad1???
{wirft den sofortigen Gewinn wieder hin, ebenfalls um ganze 3
Bauerneinheiten !!! schlechter als der Gewinnzug 12. Sf4, Komodo +0,40} Qb6
13. b3 {besser ist h3, die Stellung ist im Lot, Komodo 0,00} cxd4 14. Nxd4
Ne5 15. Rfe1 Rd8 16. Nb5? {ein ganz schlechter Zug, der Schwarz bereits
klar in Vorteil bringt, Komodo -1,50, nötig war Le3 und die Stellung wäre
im Lot gewesen} Bf5! {der richtige Zug} 17. c3 Nxc4 18. bxc4 Rxd1 19. Rxd1
Rd8 20. Rxd8 Qxd8 21. Nd4 {deutlich besser ist noch h3, Komodo -2,30} Bg6
{besser ist Lb1, Komodo +1,80} 22. Bc1? {weit schwächer als Le3, danach ist
die Partie bereits klar verloren, Komodo -2,70} Qa5 23. Qf3 Qxa2 24. Qxb7
Qxc4 25. Qf3? {deutlich besser ist noch Db3, Komodo -3,70} a5 26. Bd2?
{mehr Widerstand leistet noch h4, Komodo -5,00} a4 27. h3 a3 28. Qa8 a2 29.
f3??? {ein ganz schlechter Zug der den Untergang extrem beschleunigt, um
ganze 9 Bauerneinheiten !!! schlechter als Sc6, Komodo -14,00} Bd3
{schneller gewinnt, Lb1, aber hier spielt es keine Rolle mehr, Komodo
+9,00} 30. Kf2 Qa6 31. Qxa6 Bxa6 32. Nc2 Ba3 33. Ke3 Bb2 34. Kd4 Bb5 35.
Kc5 Bd3 36. Bc1 Bxc3 37. Bd2 {Mephisto London 68000: -11,5 ----> aufgegeben
!} 0-1
[/pgn]
[pgn]

[Event "Turnier 40 / 120"]
[Site "Wien"]
[Date "2022.12.22"]
[Round "7"]
[White "Mephisto Atlanta SH7034 - 20 MHZ"]
[Black "Mephisto London 68000 - 12 MHZ"]
[Result "1-0"]
[BlackElo "2194"]
[WhiteElo "2192"]

{Analyse -----> Komodo 13.02.} 1. e4 c5 2. c3 d5 3. exd5 Qxd5 4. d4 Nf6 5.
Nf3 Bg4 6. Be2 e6 7. O-O Nc6 8. h3 Bh5 9. Be3 {Buchende} Rd8 {Buchende} 10.
dxc5 {Buchbewertung Mephisto Atlanta: +0,6} Be7 {Buchbewertung Mephisto
London 68000: -0,24 / lt. Komodo steht Weiss etwas besser mit ca. +0,50}
11. b4 O-O 12. Qa4 {besser ist S1d2, nach dem Textzug ist die Stellung im
Lot} a6? {nicht ideal bringt Weiss in Vorteil, Komodo +0,80, besser ist
Dd7} 13. c4 Qf5 14. Nc3 Ne4? {ein schwacher Zug, der Weiss bereits klar in
Vorteil bringt, Komodo +1,50, deutlich besser ist g5 !!! aber gut das ist
ein Zug, den wahrscheinlich kein einziger Oldie und wahrscheinlich auch
kein Mensch so leicht sehen würde, nur solche Engines wie Komodo und
Stockfish, der sah ebenfalls g5 als beste Fortsetzung.} 15. Nxe4 Qxe4 16.
Rad1 Ne5 17. Nd2? {besser ist Txd8, Komodo +1,20} Qg6 18. f3? {ein
schwacher Zug, deutlich besser ist Lxh5, der Textzug halbiert den Vorteil
von Weiss, Komodo nur noch +0,60} Nd3? {ein Verlustzug, danach ist die
Partie praktisch schon verloren Komodo +1,70 mit der Fortsetzung Db3, nötig
war f5} 19. Qb3 Bg5??? {ein Katastrophenzug, der die Partie sofort
verliert, Komodo -5,00, deutlich mehr Widerstand leistet noch Df5 mit ca.
-1,80} 20. Bxg5 Qxg5 21. Ne4 Qe3+ 22. Rf2 f5 23. Rxd3 Rxd3 24. Qxd3 Qc1+
25. Bf1 fxe4 26. Qxe4 a5 27. bxa5 Rf7 28. Qxe6 g5 29. c6 bxc6 30. a6 Qa3
31. Qxc6 Qe3 32. c5 Ra7 33. Qb6 Qe7 34. Re2 Qc7 35. Rb2 {Mephisto Atlanta:
+5,9 / Komodo +20,00} Bf7 {Mephisto London 60000: -7,21} 36. Qxc7 Rxc7 37.
Rb8+ Kg7 38. Rb7 Rxc5 39. a7 Ra5 40. Bc4 Kf6 41. Rxf7+ Ke5 42. Rd7 Kf4
{Mephisto London 68000: -10,4 ------> aufgegeben !} 1-0
[/pgn]
[pgn]

[Event "Turnier 40 / 120"]
[Site "Wien"]
[Date "2022.12.22"]
[Round "8"]
[White "Mephisto London 68000 - 12 MHZ"]
[Black "Mephisto Atlanta SH7034 - 20 MHZ"]
[Result "1/2-1/2"]
[BlackElo "2192"]
[WhiteElo "2194"]

{Analyse ----> Komodo 13.02.} 1. e4 e5 2. Nf3 Nc6 3. d4 exd4 4. Nxd4 Bc5 5.
Be3 Qf6 6. c3 Nge7 7. Bc4 Ne5 8. Be2 Qg6 9. O-O d6 10. f3 O-O {Buchende}
11. Kh1 d5 12. Nd2 dxe4 {Buchzug / Buchende} 13. fxe4 {Buchende} Bb6
{Buchbewertung Mephisto Atlanta: -0,1 / besser ist der noch im Buch von
Mephisto London 68000 gespeicherte Zug Lg4, danach wäre die Stellung etwa
gleich, nach dem Textzug ist Weiss im Vorteil mit ca. +0,80 mit der
Fortsetzung Lf4} 14. Bf4 {Buchbewertung Mephisto London 68000: +0,12} N7c6
15. Bh5 {weniger gut, danach ist Weiss nur noch knapp im Vorteil mit ca.
+0,40, besser ist Sxc6} Qf6 16. Nxc6 bxc6 17. Qe2 {besser ist Le2, nach dem
Textzug ist die Stellung im Lot, Komodo 0,00} a5 18. c4 Be6 19. b3 a4 20.
Be3 {besser ist Lg3 und die Stellung ist exakt im Lot, nach dem Textzug ist
Schwarz leicht im Vorteil mit ca. +0,60} Qe7 21. Bf4 {ein Remisangebot
mittels Stellungswiederholung, nicht ideal besser ist Sf3, Komodo -0,80}
Bd4 22. Rac1 Rfd8 {besser ist Tfb8, nach dem Textzug ist Schwarz nur knapp
im Vorteil mit ca. +0,30} 23. Bg3? {ein schlechter Zug, danach ist Schwarz
klar im Vorteil, Komodo +1,00, deutlich besser ist Sf3} axb3 24. Nxb3 f6!
{stark, der beste Zug} 25. Rc2? {ein schlechter Zug, danach ist Schwarz
bereits klar im Vorteil, Komodo -1,50 mit Fortsetzung c5, deutlich besser
ist Sxd4 mit ca. -0,80} c5! {Atlanta spielt gut in dieser Phase} 26. Rd1
Ra4 27. Bxe5 fxe5 28. Bg4 Bf7 29. Rf1 Qd6 30. Bh5 g6 31. Bg4 Qa6?? {ein
ganz schlechter Zug, der nahezu den gesamten Vorteil verspielt, Komodo nur
noch +0,40 für Schwarz, nötig war Tf8 mit ca. +1,40 (der Textzug büsst also
eine ganze Bauerneinheit ein)} 32. Qd3 Rf8 {etwas besser ist Dd6, nach dem
Textzug ist jeglicher Vorteil dahin, die Stellung ist im Lot, Komodo 0,00
mit der Fortsetzung Sxd4} 33. Qf3?? {ein ganz schlechter Zug, der Schwarz
wieder klar in Vorteil bringt, Komodo -1,30} Rxc4 {ein schwacher Zug, der
den Vorteil von Schwarz etwa halbiert, Komodo nur noch +0,60, deutlich
besser ist Ta3} 34. Rxc4 Qxc4 35. Bd7 Be3 36. Be6 Qxe6 37. Qxe3 c4 38. Nc1?
{klar schwächer als Sc5, Komodo -1,10} Ra8 39. Qc5 Qd6 40. Qf2 Be6 41.
Qb2?? {ein Verlustzug, danach ist die Partie bereits klar verloren, Komodo
-3,00 mit der Fortsetzung Dd4, nötig war Df3 mit ca. -1,40} Rf8??? {aber
auf diese Fortsetzung kommt Mephisto Atlanta nicht, ein ganz schlechter
Zug, der den Vorteil von Schwarz fast drittelt, Komodo +1,20} 42. Rxf8+
Kxf8 43. Ne2 {besser ist h3, Komodo -2,00 mit der Fortsetzung Dd3} Qd3! 44.
Qb8+??? {ein absoluter Verlustzug, danach ist alles vorbei, Komodo -4,50,
deutlich mehr Widerstand leistet noch h3 mit ca. -2,00} Kg7 45. Qxc7+ Kf6
46. Ng1??? {nochmals um ganze 3 Bauerneinheiten !! schlechter als h3,
Komodo -8,00} Qxe4??? {also das ist ein echter HORRORZUG, der nahezu den
gessamten Vorteil auf einen Schlag verschenkt, um unglaubliche 7
Bauerneinheiten !!! schlechter als c3, danach ist der Sieg nur noch schwer
zu realisieren, Komodo nur noch +1,00, Mephisto London 68000 hatte den
richtigen Zug 46. c3 vorgeschlagen, danach wäre die Partie sofort vorbei
gewesen.} 47. Qd8+! {richtig, Mephisto Atlanta hatte den absurden Zug Dxh7
erwartet, dieser hätte wieder sofort verloren mit -8,00 gegen die
Fortsetzung c3, diesen Gefallen macht ihm aber Mephisto London 68000 nicht}
Kf5?? {völlig daneben, damit vergurkt Mephisto Atlanta einfach alles,
danach ist die Partie bereits Remis, Komodo 0,00} 48. Qf8+ Kg4 49. h3+ Kg3
50. Qa3+ {aber natürlich ist es wieder eines dieser unspielbaren Endspiele
mit den Damen am offenen Brett, eigentlich kann man das den beiden Geräten
nicht verübeln, natürlich muss Mephisto London 68000 das Remis noch
sichern, ob das gelingen wird werden wir ja sehen, ich beende hier
vorläufig die weitere Kommentierung, es ist klar dass bei diesem
Endspieltyp die idealen Züge nicht gefunden werden können, nach dem Textzug
ist Schwarz wieder etwas im Vorteil, das Remis gesichert hätte bereits Df1,
Komodo -0,80} Kf4 51. Qf8+ Qf5 52. Qc5 Ke4 53. Nf3 Qf4 54. a4 Bd5 55. Qc7?
{ein Verlustzug, verliert gegen die Fortsetzung Kd3, nötig war a5 und es
ist Remis, Komodo -2,50} Qf5? {aber darauf kommt Atlanta nicht, naja war
auch nicht zu erwarten, es ist wieder Remis, Komodo 0,00} 56. Qc5 Qd7 57.
Qb4 {das Remis gesichert hätte a5, nach dem Textzug ist Schwarz wieder im
Vorteil, Komodo +1,00 mit der Fortsetzung Kf5} Kf5 58. Qf8+ Qf7 59. Qc8+?
{ein ganz schlechter Zug, verliert bereits die Partie gegen die Fortsetzung
Kf4, nötig war Dc5, Komodo -1,70} Qe6 {aber es ist eigentlich immer das
gleiche, neuerlich klar schwächer als Kf4, Komodo +0,70, es ist einfach
unspielbar, hier beende ich nun endgültig die weitere Kommentierung, man
muss ja sonst praktisch jeden Zug kommentieren, ich warte jetzt ab, was
raus kommt, letzter Kommentar: dieser Endspieltyp überfordert aus
verständlichen Gründen beide Geräte und das Ergebnis wird wohl vom
Glücksfaktor abhängen.} 60. Qf8+ Qf6 61. Qc5 Qd8 62. Qe3 Qc7 63. Qc3 Ke6
64. a5 h5 65. a6 Bxf3 66. gxf3 Kf7 67. Kg2 Qc5 68. h4 Kg7 69. Qb2 Qe3 70.
Qb7+ Kh6 71. Qe4 Qd2+ 72. Kg3 Qc3 73. a7 Qa1 74. Qe3+ Kh7 75. Qc5 c3 76.
Qe7+ Kh6 77. Qxe5 Qg1+ 78. Kh3 Qxa7 79. Qh8+ Qh7 80. Qxc3 {alle Freibauern
sind aus dem Spiel, damit ist das Remis besiegelt, Userentscheid: Remis}
1/2-1/2
[/pgn]
[pgn]